Les robots présents dans Transformers 3 - Statistiques

Statistiques générales
  • Ce quiz a été pris 122 fois
  • Le résultat moyen est 14 sur 29
Statistiques - réponses
Réponse % Correct
Optimus Prime
98%
Bumblebee
94%
Megatron
93%
Ratchet
88%
Ironhide
87%
Sentinel Prime
84%
Starscream
77%
Shockwave
71%
Sideswipe
70%
Soundwave
68%
Mirage
57%
Barricade
51%
Wheeljack
46%
Wheelie
43%
Leadfoot
41%
Laserbeak
35%
Mudflap
35%
Skids
35%
Roadbuster
32%
Brains
30%
Topspin
28%
Driller
26%
Hatchet
21%
Long haul
21%
Scrapper
20%
Crowbar
17%
Cranckase
16%
Devcon
11%
Loader
6%
Aucun quiz correspondant
Distribution des résultats
% des personnes avec chaque résultat
Percentile par nombre de réponses
Votre historique - résultats
Vous n’avez pas pris ce quiz